000 01740nam a2200553 i 4500
001 38664
003 KOSZ 005
005 20220606135041.0
008 010322s2000 pl a |000 0 pol
015 _aUWD 2001/6747
020 _a8372511063
035 _a991015902669705066
035 _a(PL-WaBN)b14270730-48omnis_nlop
035 _ab14270730
035 _a(OCoLC)749518356
035 _azz2002972735
035 _a(PL)b0000001427073
035 _a(EXLNZ-48OMNIS_NETWORK)9910477716305606
040 _aWA N
_cWA N
_dKOSZ 005/HR
041 0 _apol
046 _k2000
080 _a658.1/.5
080 _a005.342
080 _a001.895
080 _a(075.8)
100 1 _aSosnowska, Alicja
_eAutor
245 1 0 _aZarządzanie firmą innowacyjną /
_cAlicja Sosnowska, Stanisław Łobejko, Anna Kłopotek.
260 _aWarszawa :
_b"Difin",
_c2000.
300 _a158 s. :
_bil. ;
_c23 cm.
336 _aTekst
_btxt
_2rdacontent
337 _aBez urządzenia pośredniczącego
_bn
_2rdamedia
338 _aWolumin
_bnc
_2rdacarrier
380 _aKsiążki
388 _a1901-2000
388 _a1989-2000
504 _aBibliogr. przy rozdz.
650 7 _aInnowacje
_2DBN
650 7 _aPrzedsiębiorstwo
650 7 _aZarządzanie innowacjami
_2DBN
655 7 _aPodręczniki akademickie
_2DBN
658 _aGospodarka, ekonomia, finanse
658 _aZarządzanie i marketing
700 1 _aKłopotek, Anna
_eAutor
700 1 _aŁobejko, Stanisław
_eAutor
710 2 _aDifin
_4pbl
856 _uhttp://koha.tu.koszalin.pl/cgi-bin/koha/opac-detail.pl?biblionumber=38664
_yKatalog online BPK
942 _2UKD
_cKS
999 _c38664
_d38664